[Event "EU-ch (Women) 11th"]
[Site "Rijeka"]
[Date "2010.03.08"]
[Round "3.22"]
[White "Khurtsidze, Nino"]
[Black "Berend, Elvira"]
[Result "1-0"]
[WhiteElo "2434"]
[BlackElo "2299"]
[PlyCount "85"]
[EventDate "2010.03.06"]
[EventType "swiss"]
[EventRounds "11"]
[EventCountry "CRO"]
[SourceDate "2010.03.06"]

1. c4 e5 2. Nc3 Nf6 3. Nf3 Nc6 4. a3 g6 5. d3 Bg7 6. g3 d5 7. Bg5 d4 8. Nd5 h6
9. Nxf6+ Bxf6 10. Bd2 Bg7 11. Qc1 Bg4 12. Bg2 Qd7 13. h3 Be6 14. b4 Ne7 15. b5
c5 16. bxc6 Nxc6 17. Rb1 Rc8 18. Kf1 Kf8 19. Kg1 Kg8 20. Kh2 Kh7 21. Ne1 b6 22.
Nc2 Rhe8 23. Nb4 Ne7 24. Qb2 e4 25. Bxe4 Bxh3 26. Nc2 Bf5 27. Bf3 Bg4 28. Kg2
Ng8 29. Qc1 Rxe2 30. Bxe2 Bxe2 31. Ne1 Re8 32. Rh4 f5 33. Rb5 h5 34. Rd5 Qc6
35. Kg1 Ne7 36. Rdxd4 Bxd4 37. Rxd4 f4 38. Rxf4 Nf5 39. Bc3 Rf8 40. Bb2 g5 41.
Rxf5 Rxf5 42. Qe3 Qc5 43. Qxe2 1-0

[Event "EU-ch (Women) 11th"]
[Site "Rijeka"]
[Date "2010.03.08"]
[Round "3.25"]
[White "Kadziolka, Beata"]
[Black "Savina, Anastasia"]
[Result "1/2-1/2"]
[WhiteElo "2311"]
[BlackElo "2391"]
[PlyCount "98"]
[EventDate "2010.03.06"]
[EventType "swiss"]
[EventRounds "11"]
[EventCountry "CRO"]
[SourceDate "2010.03.06"]

1. d4 Nf6 2. c4 g6 3. Nc3 Bg7 4. e4 d6 5. Nf3 O-O 6. h3 e5 7. d5 Nh5 8. g3 f5
9. exf5 gxf5 10. Ng5 Nf6 11. Bg2 Qe7 12. Qc2 e4 13. h4 Na6 14. O-O Nb4 15. Qe2
Nd3 16. Be3 h6 17. Nh3 Ng4 18. Nf4 Nxe3 19. Qxe3 Nxf4 20. Qxf4 Bd7 21. Rad1 Qe5
22. Qxe5 Bxe5 23. Rd2 e3 24. fxe3 Bxg3 25. h5 Rae8 26. e4 Be5 27. exf5 Bxc3 28.
bxc3 Bxf5 29. c5 Bg4 30. cxd6 cxd6 31. Rxf8+ Kxf8 32. Rf2+ Kg7 33. Bf3 Bxf3 34.
Rxf3 Re1+ 35. Kf2 Ra1 36. Re3 Rxa2+ 37. Kg3 Kf6 38. Re6+ Kg5 39. Rg6+ Kxh5 40.
Rxd6 Ra3 41. Rd7 Kg5 42. Rxb7 Rxc3+ 43. Kg2 a5 44. Rb5 a4 45. d6+ Kf6 46. Rd5
Rc8 47. d7 Rg8+ 48. Kh3 Ke7 49. Ra5 Kxd7 1/2-1/2